00382 a2200121 450000100060000004000240000624000390003024500370006965000310010694200070013795200990014499900170024368556 cAnchieta - Itaigara10aA mbrira da beira do rio Zambezel10aA mbrira da beira do rio Zambeze 4aLiteratura infanto-juvenil cMU 00104070a88.1b88.1d2023-11-21l0o028.5 MBRp84/ITAr2023-11-21 20:02:47w2023-11-21yMU c68556d68556